| 000 | 00705cam a2200193 4500 | ||
|---|---|---|---|
| 001 | WB3636-03 | ||
| 008 | 000000n2000 000 0 eng u | ||
| 035 | _a(Sirsi) u108324 | ||
| 245 | _aUproar at government's 'flawed' subcontract | ||
| 260 | _c2000 | ||
| 490 |
_aContract Journal _v405 (6293) 6 September 2000, 1(1) |
||
| 520 | _aReports on construction specialists' scathing attacks on the recently published new standard form of government subcontract - GC Works 1. | ||
| 590 | _aWB | ||
| 650 | _aGC/WORKS/1 | ||
| 650 | _aSTANDARD FORMS OF SUBCONTRACT | ||
| 650 | _aHOUSING GRANTS, CONSTRUCTION AND REGENERATION ACT 1996 | ||
| 690 | _aBUILT ENVIRONMENT-BUILDING CONTRACT FORMS | ||
| 942 | _n0 | ||
| 999 |
_c64668 _d64668 |
||